Statistics for European Countries with More Vowels than Consonants

Click here to take the quiz!

General Stats

  • This quiz has been taken 34 times
  • The average score is 7 of 9

Answer Stats

Country % Correct
Austria
90%
Croatia
87%
Albania
77%
Estonia
77%
Italy
77%
Romania
77%
Ukraine
74%
Lithuania
68%
Macedonia
65%

Score Distribution

Percentile by Number Answered

Percent of People with Each Score

Your Score History

You have not taken this quiz